=LDR 00000nam 2200000 4500 =001 INLIS000000000029101 =005 20130612131348 =008 ***********************************Ind** =035 ##$$0010-061300000029101 =041 ##$$a Ind =082 ##$$a 2x4.123 =090 ##$$a 2x4.123, Khi k =100 ##$$a Khizbulton, M.K =245 ##$$a Khutbah-khutbah pilihan, oleh M.K Chizbulioh =260 ##$$a 2007 $b jakarta =300 ##$$a 197 hlm, 20 cm =650 ##$$a Khutbah =850 ##$$a NBPNMAT